000 00853cac a22002775a 4500
005 20150817124125.0
008 150816b2007 xxuaa||| |||| 001 0 eng d
020 _a8170086183
020 _a9788170086185
040 _aEG-ScBUE
_beng
_cEG-ScBUE
082 0 4 _a624.17
_bPUN
_222
100 1 _aPunmia, B. C.
_918557
245 1 0 _aTheory of structures/
_cB. C. Punmia, Ashok Kumar Jain, Arun Kumar Jain.
250 _a12th ed.
260 _aNew Delhi :
_bLaxmi Publications,
_c2004.
300 _axiv, 648 p.:
_bill.;
_c23 cm.
500 _aIndex : p. 647-648.
511 _acatalogued by: wessam
590 _aDoha Ragab
650 _aStructural analysis(engineering)
_2BUEsh
651 _2BUEsh
653 _bENGGEN
_cAugust2015
700 1 _aJain, Ashok Kumar.
_933470
700 1 _aJain, Arun Kumar.
_933471
942 _cBB
_2ddc
999 _c8393
_d8393